| 000 | 00613nam a2200181Ia 4500 | ||
|---|---|---|---|
| 003 | IN-BaIIA | ||
| 008 | 211028s9999 xx 000 0 eng d | ||
| 040 | _cIIA Library | ||
| 080 |
_a524.358(081) _bSAH |
||
| 100 |
_aSahade, Jorge _910706 |
||
| 245 | 4 |
_aThe Wolf-Rayet Stars _bcours professe au College de Faance du 19 fevrier au 25 mars 1980 _cJorge Sahade |
|
| 260 |
_aParis _bCollege De France _c1980 |
||
| 300 | _a162p. | ||
| 650 | _aAstronomy and astrophysics thesaurus | ||
| 650 |
_aEmission line stars _99479 |
||
| 650 |
_aWolf Rayet stars _97146 |
||
| 942 | _cBK | ||
| 999 |
_c7106 _d7106 |
||